|
|
|
|
| LEADER |
00000nam0a2200000 4500 |
| 001 |
329444 |
| 005 |
20231102004148.0 |
| 035 |
|
|
|a (RuTPU)RU\TPU\book\355204
|
| 035 |
|
|
|a RU\TPU\book\355199
|
| 090 |
|
|
|a 329444
|
| 100 |
|
|
|a 20170314d1981 k y0rusy50 ca
|
| 101 |
0 |
|
|a rus
|
| 102 |
|
|
|a RU
|
| 105 |
|
|
|a a z 001zy
|
| 200 |
1 |
|
|a Текстурные типы эффузивных базальтов Тунгусской синеклизы
|f И. М. Симанович, Д. И. Кудрявцев
|g Академия наук СССР (АН СССР), Геологический институт (ГИН)
|
| 210 |
|
|
|a Москва
|c Наука
|d 1981
|
| 215 |
|
|
|a 63 с.
|c ил.
|
| 225 |
1 |
|
|a Труды ГИН (Геологического института АН СССР)
|v Вып. 362
|
| 320 |
|
|
|a Библиогр.: с. 50
|
| 606 |
1 |
|
|a Базальты
|x Структура
|2 stltpush
|3 (RuTPU)RU\TPU\subj\27967
|9 51598
|
| 610 |
1 |
|
|a Тунгусская синеклиза
|
| 610 |
1 |
|
|a генетические типы
|
| 610 |
1 |
|
|a текстура
|
| 610 |
1 |
|
|a базальты
|
| 610 |
1 |
|
|a долериты
|
| 610 |
1 |
|
|a анамезиты
|
| 610 |
1 |
|
|a лава
|
| 610 |
1 |
|
|a вязкость
|
| 610 |
1 |
|
|a палеогеографические условия
|
| 610 |
1 |
|
|a палеоклиматология
|
| 675 |
|
|
|a 552.323
|v 3
|
| 700 |
|
1 |
|a Симанович
|b И. М.
|
| 701 |
|
1 |
|a Кудрявцев
|b Д. И.
|
| 712 |
0 |
2 |
|a Академия наук СССР (АН СССР)
|b Геологический институт (ГИН)
|c (Москва)
|2 stltpush
|3 (RuTPU)RU\TPU\col\11354
|
| 801 |
|
1 |
|a RU
|b 63413507
|c 20141226
|
| 801 |
|
2 |
|a RU
|b 63413507
|c 20220505
|g RCR
|
| 942 |
|
|
|c BK
|